000 00967nac a22003137a 4500
001 BR8005976
003 BR-BrBNA
005 20240105114809.0
008 230509b bl.|||m| |||| 00| 0 por d
040 _aBR-BrBNA
_bpor
_cBiblioteca Nacional de Agricultura
072 _aF00; E70; E30
090 _a2400 BR8005976
110 1 _aSuperintendencia da Borracha, Rio de Janeiro, RJ (Brasil)
_910023
245 1 _aRelatorio de atividades 1980 [Superintendencia da Borracha; Brasil]
260 3 _aRio de Janeiro, RJ (Brasil):
_c1980.
300 _a75 p.
490 _aRelatorio - Superintendencia da Borracha (Brazil)
_v
_x
500 _a51 tables
650 _aPOLITICA AGRICOLA
650 _aBORRACHA
650 _aMERCADO NACIONAL
650 _aMERCADO INTERNACIONAL
650 _aFINANCIAMENTO
650 _aCONSUMO
650 _aPRECO
650 _aASSISTENCIA TECNICA
909 _a202312
_bLúcia Elande
_c55
_dLúcia Elande
942 _2AGRIS
_n0
_cMS
999 _c271342
_d271342